बाबा साहेब और उनके संस्मरण (Record no. 1252068)

MARC details
000 -LEADER
fixed length control field 00766nam a2200193Ia 4500
008 - FIXED-LENGTH DATA ELEMENTS--GENERAL INFORMATION
fixed length control field 151121s9999||||xx |||||||||||||| ||und||
082 ## - DEWEY DECIMAL CLASSIFICATION NUMBER
Classification number 838/ नैमिश
082 ## - DEWEY DECIMAL CLASSIFICATION NUMBER
Item number HNW-70594
100 ## - MAIN ENTRY--PERSONAL NAME
Personal name नैमिशराय मोहनदास
245 ## - TITLE STATEMENT
Title बाबा साहेब और उनके संस्मरण
260 ## - PUBLICATION, DISTRIBUTION, ETC. (IMPRINT)
Name of publisher, distributor, etc "संगीता प्रकाशन, दिल्ली।"
260 ## - PUBLICATION, DISTRIBUTION, ETC. (IMPRINT)
Date of publication, distribution, etc --
300 ## - PHYSICAL DESCRIPTION
Extent 64
600 ## - SUBJECT ADDED ENTRY--PERSONAL NAME
Personal name नैमिशराय मोहनदास
630 ## - SUBJECT ADDED ENTRY--UNIFORM TITLE
Uniform title बाबा साहेब और उनके संस्मरण
700 ## - ADDED ENTRY--PERSONAL NAME
Personal name नैमिशराय मोहनदास
730 ## - ADDED ENTRY--UNIFORM TITLE
Uniform title बाबा साहेब और उनके संस्मरण
942 ## - ADDED ENTRY ELEMENTS (KOHA)
Koha item type Book
Holdings
Withdrawn status Lost status Damaged status Not for loan Home library Current library Date acquired Cost, normal purchase price Total Checkouts Full call number Barcode Date last seen Cost, replacement price Price effective from Koha item type
        Hirachand Nemchand Wachanalaya, Solapur Hirachand Nemchand Wachanalaya, Solapur 11/21/2015 40.00   HNW-70594 HNW-70594 11/21/2015 40.00 11/21/2015 Book